Gustav Klimt: 1862-1918

Αποθηκεύτηκε σε:
Λεπτομέρειες βιβλιογραφικής εγγραφής
Κύριος συγγραφέας: Néret, Gilles (autor)
Μορφή: Βιβλίο
Γλώσσα:Ισπανικά
Έκδοση: Colonia Taschen 1999
Θέματα:
Ετικέτες: Προσθήκη ετικέτας
Δεν υπάρχουν, Καταχωρήστε ετικέτα πρώτοι!

MARC

LEADER 00000nam a2200000 a 4500
001 UCM8428
003 CL-VaPUC
008 030314e19990000GW |||||||||||||||||spa|d
020 |a 382286546X 
082 0 4 |a 759.36  |b NER  |2 21 
100 |a Néret, Gilles  |e autor  |9 450026 
245 1 0 |a Gustav Klimt: 1862-1918 
300 |a 96 p 
942 |c BK 
945 |d 20030314 00:00:00  |a vberengu 
260 |a Colonia  |b Taschen  |c 1999 
600 0 |a Klimt, Gustav, 1862-1918  |9 474478 
650 0 |a Pintores austriacos  |9 347295 
650 7 |a PINTURA AUSTRICA  |2 CL-VaPUC  |9 451539 
650 0 |a Pintura moderna  |9 265600 
650 0 |a Simbolismo  |9 267046 
583 |a last modification  |c 20030314 00:00:00  |k Rodrigo Vera 
999 |c 302941  |d 302939 
952 |0 0  |1 0  |4 0  |6 759_360000000000000_NER_1999  |7 0  |8 A  |9 363791  |a BIBHIS  |b BIBHIS  |d 2019-11-21  |i 4246969  |o 759.36 NER 1999  |p 4246969  |r 2025-01-20  |w 2019-11-21  |y BK  |k HIS